LDR 01031nam a2200193 4500 001 000000367202 003 CaOOAMICUS 005 20260413150757.0 008 260413s1867 it 000 u ita r 040 $aSeMil$bita 100 1 $aGasparini, Simone.$0(OLS)http://semarc/name/72300 245 10$aCelebrandosi in Somasca il primo centenario della canonizzazione di s. Girolamo Miani :$bdiscorso ivi recitato addì 28 ottobre 1867 dal s. Simone Gasparini parroco di San Paolo D'Argon. 264 1$aBergamo :$bdalla Tipografia Crescini,$c1867. 300 $a30 p. ;$c23 cm 850 $aSeMil 852 $aSeMil$W1$xVenegono$y1$m5C VIII 10/27$j270119$B257925$CSeMilBibl$Z2$F257925 $8I 996 $6245$aCelebrandosi in Somasca il primo centenario della canonizzazione di s. Girolamo Miani :$bdiscorso ivi recitato addì 28 ottobre 1867 dal s. Simone Gasparini parroco di San Paolo D'Argon$9(OLS)http://semarc/title/459089 996 $6264$aBergamo :$bdalla Tipografia Crescini$9(OLS)http://semarc/publisher/62992